00569cam a22001937a 4500003000500000005001700005008004100022010001000063011001000073035001000083040000900093100002400102245014200126260003100268300001900299650002200318650002400340710001100364CHAP20220817043305.0971013s1982 r 00010 d a70768 a71740 a81294 cCHAP00aAgge, James K.eEd.13aLa gestión del fuego y del combustible en los ecosistemas del clima mediterráneob: programas y temas prioritarios de investigación aBarcelona :bSerbal,c1982 a72 p.b; mapas04aQuema controlada.14aBosquesxIncendios. aUNESCO